00303nam a2200121Ia 4500008004100000040001600041041001200057082001500069100001300084245003300097260003500130300001600165230917s9999||||xx |||||||||||||| ||und|| e65108aMAIN aEnglish a543 A13M:P aMay, R W 0aPyrolysis-gas chromatography aLondonbChemical Societyc1977 avii, 109 p.